000 00526nam a2200181 i 4500
001 44351
003 ES-MaACL
005 20250930063046.0
007 t|
008 030321s1953 sp ||||1| spa d
100 1 _aClarasó, Noel,
_d1899-1985
_939003
245 1 0 _aBiografías de la Isla de Plata
_b: novela /
_cpor Noel Clarasó.
250 _a1ª ed.
260 _aBarcelona :
_bJosé Janés,
_c1953 (
_fMiguza)
300 _a182 p. ;
_c19 cm.
852 _aES-MaACL
_jC-8827
_bR.34818
999 _c44351
_d44351